<?xml version="1.0" encoding="UTF-8"?>
<record
    xmlns:xsi="http://www.w3.org/2001/XMLSchema-instance"
    xsi:schemaLocation="http://www.loc.gov/MARC21/slim http://www.loc.gov/standards/marcxml/schema/MARC21slim.xsd"
    xmlns="http://www.loc.gov/MARC21/slim">

  <leader>02019aab a2200421 a 4500</leader>
  <controlfield tag="003">AR-RoUNA</controlfield>
  <controlfield tag="008">140529|||||||||||||||||     |||| 0|||| d</controlfield>
  <datafield tag="022" ind1=" " ind2=" ">
    <subfield code="a">0210-2080</subfield>
  </datafield>
  <datafield tag="040" ind1=" " ind2=" ">
    <subfield code="a">AR-RoUNA</subfield>
    <subfield code="b">spa</subfield>
  </datafield>
  <datafield tag="041" ind1=" " ind2=" ">
    <subfield code="a">spa</subfield>
    <subfield code="a">eng</subfield>
  </datafield>
  <datafield tag="044" ind1=" " ind2=" ">
    <subfield code="a">ag</subfield>
  </datafield>
  <datafield tag="080" ind1=" " ind2=" ">
    <subfield code="a">72.036</subfield>
  </datafield>
  <datafield tag="092" ind1=" " ind2=" ">
    <subfield code="l">ON58</subfield>
  </datafield>
  <datafield tag="245" ind1="1" ind2="3">
    <subfield code="a">On Dise&#xF1;o /</subfield>
    <subfield code="n">N&#xBA; 184</subfield>
  </datafield>
  <datafield tag="260" ind1=" " ind2=" ">
    <subfield code="a">Barcelona :</subfield>
    <subfield code="b">On Dise&#xF1;o,</subfield>
    <subfield code="c">1996</subfield>
  </datafield>
  <datafield tag="300" ind1=" " ind2=" ">
    <subfield code="a">171 p. :</subfield>
    <subfield code="b">dib.</subfield>
    <subfield code="b">fot. col.</subfield>
    <subfield code="b">plantas</subfield>
    <subfield code="c">29x24 cm</subfield>
  </datafield>
  <datafield tag="505" ind1="0" ind2=" ">
    <subfield code="a">Grec 97/ Con un seis y un cuatro aqu&#xED; tienes tu retrato, o el Fauno del Grec 97. p. 70</subfield>
  </datafield>
  <datafield tag="505" ind1="0" ind2=" ">
    <subfield code="t">PREMIOS FAD DE ARQUITECTURA E INTERIORISMO 1997</subfield>
  </datafield>
  <datafield tag="505" ind1="0" ind2=" ">
    <subfield code="a">Dos Viviendas en la Font de Fargas/ Barcelona Merce Zazurca y Pep Gorgas. p. 82</subfield>
  </datafield>
  <datafield tag="505" ind1="0" ind2=" ">
    <subfield code="a">Escuela Riumar. Deltebre. Tarragona/ Manuel Ruisanchez y Xavier Vndrell. p.92</subfield>
  </datafield>
  <datafield tag="505" ind1="0" ind2=" ">
    <subfield code="a">Instituto de ense&#xF1;anza secundaria en Mollet. Barcelona/ Jaume Bach y Gabriel Mora. p. 102</subfield>
  </datafield>
  <datafield tag="505" ind1="0" ind2=" ">
    <subfield code="a">Instituto de ense&#xF1;anza secundaria en Torredembarra. Tarragona/ Josep Llinas. p. 112</subfield>
  </datafield>
  <datafield tag="505" ind1="0" ind2=" ">
    <subfield code="a">Parque de veh&#xED;culos y vertedero. Girona/ Esteve Aymerich y Ton Salvado. p. 122</subfield>
  </datafield>
  <datafield tag="505" ind1="0" ind2=" ">
    <subfield code="a">Pabell&#xF3;n polideportivo en Vic, Barcelona/ Joan Forgas, Dolors Yta Catala y Julian Galindo. p. 130</subfield>
  </datafield>
  <datafield tag="505" ind1="0" ind2=" ">
    <subfield code="a">Vivienda Unifamiliar en Vallvidrera. Barcelona / Carlos Ferrater y Joan Guibermau. p. 140</subfield>
  </datafield>
  <datafield tag="505" ind1="0" ind2=" ">
    <subfield code="a">Exposici&#xF3;n conmemorativa Museo de Arte Contempor&#xE1;neo de Barcelona/ Luis Pau/ Estudio IDP. p. 150</subfield>
  </datafield>
  <datafield tag="505" ind1="0" ind2=" ">
    <subfield code="a">Hogar dulce Hogar/ Eulalia Coma, NIAL o Flynn, Gustau Gili, Amy Lelyeld y Julia Schulz - Dornburg. p. 158</subfield>
  </datafield>
  <datafield tag="505" ind1="0" ind2=" ">
    <subfield code="a">Palladio en el Tinell/ BOPBA. Josep Bohigas, Francesc Pla e I&#xF1;aki Baquero. p. 166</subfield>
  </datafield>
  <datafield tag="650" ind1=" " ind2=" ">
    <subfield code="a">Arquitectura contemporanea</subfield>
    <subfield code="9">12621</subfield>
  </datafield>
  <datafield tag="650" ind1=" " ind2=" ">
    <subfield code="a">Urbanismo</subfield>
    <subfield code="9">5</subfield>
  </datafield>
  <datafield tag="700" ind1="1" ind2=" ">
    <subfield code="a">Llopis, Carme</subfield>
    <subfield code="e">drt</subfield>
    <subfield code="9">12622</subfield>
  </datafield>
  <datafield tag="773" ind1=" " ind2=" ">
    <subfield code="a">On Dise&#xF1;o</subfield>
    <subfield code="d">Barcelona, AramEdiciones S.A.</subfield>
    <subfield code="g">N&#xBA; 184 (1997). p.171</subfield>
    <subfield code="x">0210-2080 </subfield>
  </datafield>
  <datafield tag="908" ind1=" " ind2=" ">
    <subfield code="a">Imp</subfield>
  </datafield>
  <datafield tag="930" ind1=" " ind2=" ">
    <subfield code="c">174</subfield>
    <subfield code="e">11442</subfield>
  </datafield>
  <datafield tag="942" ind1=" " ind2=" ">
    <subfield code="2">udc</subfield>
    <subfield code="c">ART</subfield>
  </datafield>
  <datafield tag="945" ind1=" " ind2=" ">
    <subfield code="a">MBP</subfield>
    <subfield code="d">2019-02-20</subfield>
  </datafield>
  <datafield tag="980" ind1=" " ind2=" ">
    <subfield code="8">6</subfield>
    <subfield code="g">Mirna Bonanno Potro</subfield>
    <subfield code="6">6</subfield>
    <subfield code="a">Mirna Bonanno Potro</subfield>
  </datafield>
  <datafield tag="999" ind1=" " ind2=" ">
    <subfield code="c">12196</subfield>
    <subfield code="d">12196</subfield>
  </datafield>
  <datafield tag="952" ind1=" " ind2=" ">
    <subfield code="0">0</subfield>
    <subfield code="1">0</subfield>
    <subfield code="2">udc</subfield>
    <subfield code="4">0</subfield>
    <subfield code="5">0</subfield>
    <subfield code="7">0</subfield>
    <subfield code="a">AR-RoUNA</subfield>
    <subfield code="b">AR-RoUNA</subfield>
    <subfield code="c">Heme</subfield>
    <subfield code="d">2025-10-27</subfield>
    <subfield code="l">0</subfield>
    <subfield code="o">72.036</subfield>
    <subfield code="p">1002823</subfield>
    <subfield code="r">2025-10-27</subfield>
    <subfield code="t">ej. 1</subfield>
    <subfield code="w">2025-10-27</subfield>
    <subfield code="y">ART</subfield>
    <subfield code="k"></subfield>
    <subfield code="x"></subfield>
  </datafield>
</record>
